Oral tradition in ancient India (Record no. 1235911)
[ view plain ]
| 000 -LEADER | |
|---|---|
| fixed length control field | 00617nam a2200229Ia 4500 |
| 005 - DATE AND TIME OF LATEST TRANSACTION | |
| control field | 20250108125152.0 |
| 008 - FIXED-LENGTH DATA ELEMENTS--GENERAL INFORMATION | |
| fixed length control field | 008 250107s9999 xx 000 0 eng d |
| 020 ## - INTERNATIONAL STANDARD BOOK NUMBER | |
| International Standard Book Number | 81-220-0701-5 |
| 037 ## - SOURCE OF ACQUISITION | |
| Stock number | TB |
| 040 ## - CATALOGING SOURCE | |
| Original cataloging agency | CRL |
| Language of cataloging | eng |
| Transcribing agency | CRL |
| 041 ## - LANGUAGE CODE | |
| Language code of text/sound track or separate title | eng |
| Source of code | eng |
| 084 ## - COLON CLASSIFICATION NUMBER | |
| Classification number | Q223:31 Q9 |
| 084 ## - COLON CLASSIFICATION NUMBER | |
| Assigning agency | CRL |
| 100 ## - MAIN ENTRY--PERSONAL NAME | |
| Personal name | Jha Amit Au. |
| 9 (RLIN) | 730511 |
| 245 #0 - TITLE STATEMENT | |
| Title | Oral tradition in ancient India |
| Statement of responsibility, etc. | Jha Amit Au. |
| 260 ## - PUBLICATION, DISTRIBUTION, ETC. | |
| Place of publication, distribution, etc. | New Delhi, India |
| Name of publisher, distributor, etc. | Research Indfia Press |
| Date of publication, distribution, etc. | 3523 |
| 300 ## - PHYSICAL DESCRIPTION | |
| Extent | xiii,256p. |
| 365 ## - TRADE PRICE | |
| Price type code | INR |
| Price amount | 9000 |
| 650 ## - SUBJECT ADDED ENTRY--TOPICAL TERM | |
| Topical term or geographic name entry element | CULTURESOCIOLOGY |
| 942 ## - ADDED ENTRY ELEMENTS (KOHA) | |
| Koha item type | Textbook |
| Classification part | Q223:31 Q9 |
| Withdrawn status | Lost status | Damaged status | Not for loan | Home library | Current library | Date acquired | Source of acquisition | Cost, normal purchase price | Total Checkouts | Full call number | Barcode | Date due | Date last seen | Date last checked out | Price effective from | Koha item type |
|---|---|---|---|---|---|---|---|---|---|---|---|---|---|---|---|---|
| Central Library | Arts Library | 2025-01-08 | Gift, 08/10/2024, | 9000.00 | 1 | Y:1.2'C Q6 | CL1699535 | 2026-04-12 | 2026-03-13 | 2026-03-13 | 2025-01-08 | Textbook |
